000 00515nmm a2200169Ia 4500
008 251105s9999||||xx |||||||||||||||||und||
020 _a9789563172096
041 _aspa
100 _aEmar, Juan
245 0 _aDiez : Cuatro animales; Tres mujeres; Dos sitios; Un vicio
264 _a[Santiago de Chile, Chile] :
_bMago Editores,
_c2013
300 _a198 páginas
490 _aGrandes escritores
650 _aLatin American narrative
856 _uhttps://public.digitaliapublishing.com/a/33413
942 _cCF
999 _c94669
_d94669